Statistiques concernant Culture Générale - Série 1437

Cliquez ici pour prendre le quiz!

Statistiques générales

  • Ce quiz a été pris 249 fois
  • Le résultat moyen est 7 sur 10

Statistiques - réponses

QuestionRéponse% Correct
Quelle est la capitale de la Hongrie ?Budapest
98%
Quel instrument indique le nord magnétique à l'aide d'une aiguille aimantée mobile, fixée au centre d'un cadran ?boussole
94%
Quelle est la capitale du Danemark ?Copenhague
94%
Une "amygdalectomie" est l'ablation chirurgicale des...amygdales
92%
Pour quel instrument, Franz Schubert a-t-il écrit ses huit "Impromptus" ?piano
84%
A quel peintre espagnol doit-on : "La Persistance de la mémoire", tableau représentant des montres molles, étendues dans un paysage surréaliste ?Salvador Dalí
81%
Dans quel département de la Région P.A.C.A. se situe la station balnéaire Golfe-Juan ?Alpes-Maritimes
72%
Complétez l'expression "on prend plus de mouches avec du miel qu'avec du ...vinaigre
59%
Sur certaines cases du plateau de Monopoly, on peut lire les mots "Caisse de...Communauté
48%
Après "Le Peuple migrateur" en 2001, quel est le titre du documentaire de Jacques Perrin, sorti en 2010 ?Océans
9%

Distribution des résultats

Percentile par nombre de réponses

% des personnes avec chaque résultat

Votre développement - résultats

Vous n’avez pas pris ce quiz